Gady i płazy Polski. Rozpoznaj po zdjęciu. - Statystyki

Ogólne statystyki
  • Ten quiz został rozwiązany 251 razy
  • Średni wynik to 10 z 15
Statystyki odpowiedzi
Obrazkowy Odpowiedź % Poprawnych
Żmija zygzakowata
84%
Jaszczurka zwinka
82%
Żółw błotny
80%
Ropucha zielona
78%
Salamandra plamista
76%
Padalec
74%
Zaskroniec
72%
Traszka grzebieniasta
70%
Żaba moczarowa
70%
Wąż Eskulapa
66%
Rzekotka drzewna
59%
Kumak nizinny
56%
Jaszczurka żyworodna
54%
Gniewosz plamisty
52%
Grzebiuszka ziemna
46%
Nie znaleziono quizów pasujących do podanych kryteriów
Rozkład punktacji
Procent ludzi z każdym wynikiem
Percentyl według liczby udzielonych odpowiedzi
Twoja historia wyników
Nie rozwiązałeś tego quizu